000 00512nam a2200193Ia 4500
003 GCL
008 140319s9999 xx 000 0 eng d
040 _aGCL /
_cGCL
082 0 4 _a005.133
_bL O
100 1 _aLAFORE, ROBERT
245 1 0 _aOBJECT ORIENTED PROGRAMMIG IN C++ /
_cLAFORE, ROBERT
260 _a[S.N] :
_bWAITE GROUP PRESS ،
_c1996
650 0 4 _aشعر الحرب
650 0 4 _aOBJECT - ORIENTED PROGRAMMING
650 0 4 _aC ++
650 0 4 _aTURBO C
650 0 4 _aBORLAND C++
942 _2ddc
_cBK
999 _c13588
_d13588